[Event "Varennes Open-ch 2017"]
[Site "Varennes"]
[Date "2017.10.07"]
[Round "3"]
[White "Nicula, Marius"]
[Black "Lenderman, Aleksandr"]
[Result "0-1"]
[WhiteElo "2190"]
[BlackElo "2591"]
[Annotator "TA"]
[PlyCount "64"]
[EventDate "2017.10.06"]
[EventCountry "CAN"]
[SourceTitle "playchess.com"]
[Source "ChessBase"]
[SourceQuality "1"]

{[%evp 24,64,6,-31,-29,-31,-32,-36,-28,-31,-28,-52,-55,-72,0,-41,-40,-72,-68,-80,-52,-169,-155,-170,-173,-207,-212,-393,-397,-599,-578,-604,-618,-611,-612,-591,-474,-559,-530,-537,-518,-485,402]} 1. d4 Nf6 2. g3 c5 3. d5 e6 4. c4 exd5 5. cxd5 d6 6. Nc3 g6 7. Bg2 Bg7 8. Nf3 O-O 9. O-O Re8 10. Nd2 a6 11. a4 Nbd7 12. Nc4 {A64: Modern Benoni: Fianchetto Variation: 9...Nbd7 10 Nd2 a6 11 a4 Re8} (12. h3 Rb8 13. Nc4 Ne5 14. Na3 Nh5 15. e4 Bd7 16. g4 Nf6 17. g5 Nh5 18. f4 b5 19. fxe5 b4 20. Nc4 bxc3 21. bxc3 Bxe5 22. Qf3 f5 23. gxf6 Qxf6 24. Nxe5 Qxe5 {0-1 (60) So,W (2812)-Nakamura,H (2785) Stavanger 2017}) 12... Ne5 13. Ne3 {LiveBook: 5 Games} Nfg4 14. Nxg4 {Black has an edge.} Bxg4 15. a5 $146 ({Predecessor:} 15. h3 Bd7 16. Ne4 Bf5 17. Bg5 f6 18. Bc1 Bxe4 19. Bxe4 f5 {0-1 (36) Dancevski,O (2395)-Dvirnyy,D (2530) Skopje 2013}) 15... Bd7 16. Qb3 Rb8 17. Ra3 f5 18. h3 h5 (18... g5 $17) 19. f4 Nf7 20. e3 h4 {[%cal Bh5h4,Bh4g3][%mdl 32]} 21. Rf3 g5 {Hoping for ...g4.} 22. fxg5 ({White should try} 22. Ne2 $1 $15) 22... Nxg5 $19 23. Rf4 hxg3 24. Qd1 Be5 25. Qh5 $2 (25. e4 {might work better.}) 25... Bxf4 26. Qg6+ {[#]} (26. exf4 $142 Re1+ 27. Bf1) 26... Kf8 $1 {[%cal Bg8f8,Bf8f7,Bf7g7][%mdl 32] Black is clearly winning.} 27. Qh6+ Kf7 28. Qh5+ Kg7 29. exf4 {Ne4 is the strong threat.} Re1+ 30. Bf1 {[#] Black must now prevent Bd2.} Be8 31. Qxg5+ Qxg5 32. fxg5 {And now Bd2 would win.} f4 $4 {[%mdl 40960] Precision: White = 20%, Black = 67%. . Loss on Time!?} (32... Rxc1 $19 33. Ne2 Rb1 34. Nxg3 Bb5) 0-1

[Event "Varennes Open-ch 2017"]
[Site "Varennes"]
[Date "2017.10.07"]
[Round "3"]
[White "Bolduc, Steve"]
[Black "Ortiz Suarez, Isan Reynaldo"]
[Result "0-1"]
[WhiteElo "2173"]
[BlackElo "2528"]
[Annotator "TA"]
[PlyCount "62"]
[EventDate "2017.10.06"]
[EventCountry "CAN"]
[SourceTitle "playchess.com"]
[Source "ChessBase"]
[SourceQuality "1"]

{[%evp 9,62,16,23,12,12,13,9,24,29,36,25,-2,0,-26,0,-52,-33,-49,-24,-102,-49,-68,-70,-70,-69,-89,-71,-124,-112,-172,-160,-310,-301,-306,-332,-295,-291,-402,-330,-312,-375,-616,-594,-614,-531,-644,-657,-649,-646,-936,-943,-919,-929,-927,-927]} 1. d4 Nf6 2. Bg5 d5 3. e3 Nbd7 4. Nf3 g6 (4... h6 5. Bf4 g5 6. Bg3 Ne4 7. Nc3 Nxg3 8. hxg3 g4 9. Nd2 Nf6 10. Qe2 c6 11. e4 dxe4 12. O-O-O {½-½ (41) Rapport,R (2691)-Aronian,L (2812) Wijk aan Zee 2014}) 5. Be2 Bg7 6. O-O {D03: 1 d4 d5 2 Nf3 Nf6 3 Bg5, including Torre Attack with early ...d5} O-O 7. c4 dxc4 8. Bxc4 {The position is equal.} c5 9. Nc3 a6 10. Bb3 $146 ({Predecessor:} 10. a4 cxd4 11. Nxd4 Qa5 12. Bh4 e5 13. Nc2 {1-0 (48) Stiller,J (2167)-Miller,E (2145) Buechenbach/Roth 2011}) 10... b5 11. a4 c4 12. Bc2 (12. Ba2 $11) 12... b4 $36 {[%mdl 2048] Black has good play.} 13. Ne4 Bb7 14. Nxf6+ (14. Bxf6 $11 {remains equal.} exf6 15. Nd6) 14... Nxf6 (14... exf6 $17 15. Bh4 b3) 15. Qe2 Rc8 16. e4 a5 17. Rfd1 Nd7 18. e5 (18. Bf4 $142) 18... Bd5 19. Nd2 (19. h4 $17) 19... f6 $19 20. exf6 (20. Bh4 $17) 20... exf6 {[%cal Be7f6,Bf6f5][%mdl 32]} 21. Bh4 Re8 22. Qg4 Qc7 23. Nf1 f5 24. Qg5 b3 {[%cal Bb4b3,Bb3b2][%mdl 32]} 25. Bb1 $2 {[#]} (25. Bxf5 gxf5 26. Ne3 Rxe3 27. fxe3) 25... c3 {Black is clearly winning.} 26. bxc3 Qxc3 27. Bd3 b2 28. Rab1 Ba2 29. Qg3 Bxb1 30. Rxb1 Qxd4 31. Bg5 Rc3 {Precision: White = 41%, Black = 73%.} 0-1

[Event "Varennes Open-ch 2017"]
[Site "Varennes"]
[Date "2017.10.07"]
[Round "3"]
[White "Tomb, Maroun"]
[Black "Perez Garcia, Rodney Oscar"]
[Result "0-1"]
[WhiteElo "2155"]
[BlackElo "2315"]
[Annotator "TA"]
[PlyCount "100"]
[EventDate "2017.10.06"]
[EventCountry "CAN"]
[SourceTitle "playchess.com"]
[Source "ChessBase"]
[SourceQuality "1"]

{[%evp 13,100,45,47,37,31,31,29,-23,-43,-96,-46,-114,-110,-100,-110,-175,-160,-145,-149,-180,-186,-168,-175,-180,-170,-172,-156,-182,-179,-171,-168,-364,-116,-206,-196,-159,-105,-104,-114,-102,-94,-195,-75,-230,-208,-292,-290,-292,-288,-461,-470,-435,-295,-639,-386,-453,-463,-451,-431,-414,-430,-408,-398,-385,-286,-500,-409,-518,-509,-564,-386,-372,-379,-361,-291,-276,-131,-243,-210,-440,-397,-639,-554,-1329,-1202,-953,-945,-29990,-29991]} 1. e4 g6 2. d4 Bg7 3. Nc3 c6 4. Nf3 d5 5. Be2 Bg4 6. Be3 Nf6 7. e5 Nfd7 {LiveBook: 6 Games} 8. h3 {B15: Caro-Kann: 3 Nc3: 3...g6 and 3...dxe4 4 Nxe4 Nf6 5 Nxf6+ exf6} Bxf3 $1 9. Bxf3 e6 10. Be2 (10. Ne2 $142) 10... c5 $146 ({Predecessor:} 10... a6 11. O-O c5 12. f4 Nc6 13. dxc5 Bf8 14. Na4 Qa5 15. c4 Nxc5 16. cxd5 exd5 17. Nc3 d4 18. Nd5 O-O-O 19. Bd2 d3 20. Bg4+ {1-0 (20) Repkova,E (2434)-Khotenashvili,B (2461) Bucharest 2010}) 11. f4 ({White should try} 11. dxc5 $15 Bxe5 12. Nb5) 11... Qh4+ $17 12. Bf2 (12. Kf1 $15) 12... Qxf4 13. Nb5 {Threatens to win with Nc7+.} O-O {aiming for ...a6.} 14. Nc7 (14. c3 $17 {keeps fighting.} a6 15. g3) 14... cxd4 $19 15. Nxa8 {Black should prevent Nc7.} Qxe5 16. Qd3 Nc6 {[%mdl 1024] Black has strong compensation.} 17. Bg3 Qg5 {...Nb4 is the strong threat.} 18. h4 {[#]} Qe7 $1 19. Qb5 Nde5 20. Nb6 axb6 21. Qxb6 Nb4 22. O-O $2 (22. Bxe5 Bxe5 23. O-O-O) 22... Rc8 $2 (22... Nxc2 $19 23. Rac1 Ne3) 23. c3 (23. Rac1 $17 {is the only way for White.}) 23... dxc3 24. bxc3 Nc2 (24... Rxc3 $142 25. Rab1 Nec6) 25. Rab1 $17 Rxc3 26. Bf2 Rc7 27. a4 (27. Rfc1 $17) 27... h5 (27... Na3 $19 {has better winning chances.} 28. Rb3 Nac4) 28. a5 $2 (28. Rfc1 $17) 28... Na3 $19 29. Rbc1 (29. Rb3 $142 Nac4 30. Qb4) 29... Nac4 30. Qa7 Kh7 31. Qa8 $2 (31. a6 {was worth a try.}) 31... Bh6 32. Rc3 Qb4 33. Rg3 $2 (33. Qb8 Qxa5 34. Be1 Qc5+ 35. Bf2) 33... Bg7 34. a6 bxa6 35. Qxa6 Nd2 36. Rd1 Ne4 37. Qa3 Qb8 {White must now prevent ...Rc2.} 38. Rb3 Qd8 39. Be1 $2 (39. Bb6) 39... Bf8 40. Qb2 Qf6 41. Kh1 Bg7 42. Rc1 Rxc1 43. Qxc1 Nf2+ 44. Kg1 {[#]} Nfg4 (44... Bh6 $1 $19 {[%cal Rh6c1] is more deadly.} 45. Qb2 Ne4) 45. Bg3 (45. Qg5 $17 {was the only defense.}) 45... Bh6 46. Qb2 $2 {[#]} (46. Qf1 Qe7 47. Qe1) 46... d4 $1 {[%cal Bd5d4,Bd4d3,Bd3e2][%mdl 32]} 47. Kh1 $2 (47. Bxg4 Nxg4 48. Rf3 Be3+ 49. Kh1) (47. Qxd4 Nf3+) 47... Be3 48. Qb1 Nf2+ 49. Kh2 d3 50. Rb5 dxe2 {Precision: White = 20%, Black = 69%.} 0-1

[Event "Varennes Open-ch 2017"]
[Site "Varennes"]
[Date "2017.10.07"]
[Round "3"]
[White "Luksza, Arkadiusz"]
[Black "Hebert, Jean"]
[Result "1-0"]
[WhiteElo "2081"]
[BlackElo "2376"]
[Annotator "TA"]
[PlyCount "135"]
[EventDate "2017.10.06"]
[EventCountry "CAN"]
[SourceTitle "playchess.com"]
[Source "ChessBase"]
[SourceQuality "1"]

{[%evp 13,135,-14,0,-1,30,11,15,0,7,0,0,-8,0,-2,31,6,17,-13,0,-2,-6,-2,18,0,41,12,34,34,26,24,26,27,39,40,70,30,30,33,33,30,31,35,39,35,52,12,14,0,45,41,43,0,0,0,0,0,0,-18,7,0,52,58,20,21,162,158,168,127,129,128,129,140,135,123,131,110,140,107,124,99,93,67,221,221,222,222,218,225,225,225,222,218,279,296,293,278,270,248,244,244,238,214,236,237,244,244,243,236,229,222,222,0,221,196,435,444,29989,266,2331,512,2049,1566,5712,4358]} 1. d4 Nf6 2. c4 e6 3. Nc3 Bb4 4. e3 O-O 5. Nge2 d5 6. a3 Be7 7. Ng3 Re8 {LiveBook: 7 Games. E46: Nimzo-Indian: Rubinstein: 4 e3 0-0 5 Ne2 without early Bd3} (7... c5 8. cxd5 Nxd5 9. Nxd5 Qxd5 10. e4 Qd8 11. Be3 Qb6 12. Qd2 Rd8 13. dxc5 Rxd2 14. cxb6 Rxb2 15. bxa7 Nc6 {1-0 (81) Usmanov,V (2459)-Inarkiev,E (2694) Sochi 2017}) 8. Be2 Nbd7 9. O-O c6 {The position is equal.} 10. e4 $146 ({Predecessor:} 10. b4 e5 11. cxd5 cxd5 12. dxe5 Nxe5 13. Bb2 Bf8 14. Rc1 Bg4 15. f3 {0-1 (44) Mokin,N-Romanov,E (2329) Kazan 2003}) 10... dxe4 11. Ngxe4 Nxe4 12. Nxe4 Nf6 13. Nc3 b6 14. Bf3 Qc7 15. Qb3 Bb7 16. Rd1 Rad8 17. Be3 Rd7 18. Rac1 Qb8 19. Qa4 b5 20. Qb3 ({Of course not} 20. cxb5 cxb5 21. Nxb5 a6 $15) 20... bxc4 21. Qxc4 Nd5 22. Ne4 Red8 23. b4 a5 24. Nc5 (24. bxa5 {keeps more tension.} Bxa3 25. Ra1 Be7 26. a6 Bc8 27. Qxc6 Rc7 28. Qa4) 24... Bxc5 $1 25. bxc5 Qa8 26. Bg5 Ba6 27. Qc2 Rb8 28. Rb1 Rdb7 29. Bxd5 exd5 30. Bf4 Re8 31. Rb6 Rbe7 {[#] ( -> ...Re1+)} 32. Qc3 (32. h3 {is more complex.} Re4 33. Bd6 Re2 34. Qb3 a4 35. Qxa4 Bb5 36. Qb4) 32... Bb5 33. h3 a4 34. Qg3 f6 35. Qc3 Bc4 36. Qb4 Kf7 (36... h6 $11) 37. Bd6 $14 Rd7 $1 38. Re1 {[#] Hoping for Rxe8.} Rxe1+ (38... Bb5 $1 $11 {and Black has nothing to worry.}) 39. Qxe1 $18 Qe8 40. Qxe8+ Kxe8 41. Rxc6 {[%mdl 4096] Endgame KRB-KRB} Rb7 {White must now prevent ...Kd7.} 42. Rc8+ Kd7 43. Ra8 Bb5 44. f3 Bc6 {aiming for ...Rb1+.} 45. Rg8 g6 46. Rh8 Ke6 47. Kf2 Ra7 $2 (47... Rb2+ $14 48. Kg1 Rb1+ 49. Kh2 h5) 48. g4 {[%cal Bg2g4,Bg4h5,Bh5h6][%mdl 32]} Rb7 49. Kg3 Bb5 50. h4 Bc6 51. Kf4 Bb5 52. h5 gxh5 53. gxh5 Bc6 54. h6 Bb5 55. Kg3 Bc6 56. Bf4 Bb5 57. Bd2 Bc6 58. Kf4 Bb5 59. Ba5 Bc6 60. Bb6 Bb5 61. Rg8 Bc6 62. Rh8 Bb5 63. Kg4 Bc6 $2 (63... Re7 64. Kf4 Rd7) 64. f4 {[%cal Bf3f4,Bf4f5][%mdl 32] Threatens to win with f5+.} Re7 (64... f5+ $18 65. Kg5 Rf7) 65. Rg8 $2 (65. f5+ {mates} Kf7 66. Rxh7+ Kf8 67. Rxe7 Kxe7 68. h7 Bb5 69. h8=Q Be2+ 70. Kf4) 65... Rb7 $2 (65... Kf7 66. Rg7+ Kf8) 66. Rd8 (66. f5+ $142 Ke7 67. Kf4) 66... Bd7 (66... Kf7 $142 67. f5 Re7) 67. f5+ Ke7 68. Rh8 {Precision: White = 61%, Black = 30%.} 1-0

[Event "Varennes Open-ch 2017"]
[Site "Varennes"]
[Date "2017.10.08"]
[Round "4"]
[White "Lenderman, Aleksandr"]
[Black "Sambuev, Bator"]
[Result "1/2-1/2"]
[WhiteElo "2591"]
[BlackElo "2535"]
[Annotator "TA"]
[PlyCount "128"]
[EventDate "2017.10.06"]
[EventCountry "CAN"]
[SourceTitle "playchess.com"]
[Source "ChessBase"]
[SourceQuality "1"]

{[%evp 15,128,-24,0,-35,-22,-46,-49,-65,-43,-109,-110,-110,-121,-118,-120,-118,-120,-135,-136,-133,-135,-118,-82,-149,-135,-114,-135,-103,-16,-330,-277,-322,-20,-14,-21,-17,-19,-64,-77,-98,-70,-112,-87,-110,-41,-33,-55,-54,-12,-116,-19,-133,-108,-203,0,0,0,-6,0,-96,-91,-100,-20,-20,0,0,0,0,0,0,0,0,0,0,0,0,0,0,0,0,41,45,64,64,64,64,64,15,16,39,283,39,39,15,15,15,22,22,22,22,22,22,22,24,100,100,91,8,8,8,8,0,0,0,8]} 1. Nf3 c5 2. d4 cxd4 3. c3 dxc3 4. Nxc3 Nc6 5. e4 e6 6. Bc4 a6 7. O-O Nge7 8. Bg5 d6 {LiveBook: 6 Partien. B21: Sizilianisch (Morra-Gambit 2.d4 und 2.f4)} (8... h6 {feels hotter.} 9. Bh4 g5 10. Bg3 Bg7 11. Bb3 b5) (8... f6 9. Be3 b5 10. Bb3 Na5 11. Bc2 Ng6 12. h4 Be7 13. h5 Ne5 14. Nxe5 fxe5 15. Qf3 Nc4 16. Bc1 Bb7 17. a4 {0-1 (45) Cuartas,J (2492)-Bachmann,A (2653) Medellin 2017}) 9. Re1 h6 {[%cal Bh7h6,Bh6h5,Bh5g4][%mdl 32]} 10. Bh4 g5 {Schwarz steht etwas besser.} 11. Bg3 Ng6 $1 12. Rc1 (12. h3 $15) 12... h5 $146 ({Vorgänger:} 12... Be7 13. Bb3 h5 14. h3 g4 15. hxg4 hxg4 16. Nd4 {0-1 (23) Lorenz,O (1962)-Blodig,C (1946) Bad Neustadt 2003}) 13. h3 g4 14. hxg4 hxg4 15. Nh2 Bh6 16. Rc2 Nce5 $36 {[%mdl 2048] Schwarz ist am Drücker.} 17. Ne2 b5 18. Bb3 Qb6 19. Nd4 (19. Nc3 $142) 19... Bf4 20. Bxf4 Nxf4 21. Nxg4 Bb7 ({Minderwertig wäre} 21... Ned3 22. Nc6 $16) (21... Qd8 $1 $17 {[%cal Rd8h4]} 22. g3 (22. Nxe5 $2 Qh4 $19) 22... Bb7 23. Nxe5 (23. gxf4 $2 Qh4 $19) 23... dxe5 24. gxf4 exd4) 22. Nxe5 $4 {[%mdl 8192]} (22. Qd2 $1 $11 {und Weiss steht sicher.} Ned3 23. Nf3 Nxe1 24. Nxe1) 22... dxe5 $19 23. Nf3 Rg8 $2 ({Schwächer ist} 23... Rd8 24. Rd2 $11) (23... Ke7 $1 $19 {zielt auf ...Tag8 ab.} 24. Nxe5 Rag8) 24. Nxe5 $11 {Weiss will mit Dd7+ Matt setzen.} Rxg2+ 25. Kf1 $1 {jetzt Dd7+ und aus.} Qd8 $1 {[%cal Rd8e7]} ({Falsch wäre} 25... Rd8 $2 26. Qf3 $18) 26. Qxd8+ Rxd8 27. Nf3 Rd3 28. Rc3 {Schwarz muss nun Txd3 beachten.} Rg8 29. Re3 Rxc3 (29... Rd7 $1 $17 {Und weiter mit ...Th8 wäre nett.} 30. Ne5 Rh8 $1 {[%mdl 512]}) 30. Rxc3 $15 Rh8 31. Ng1 Rh2 32. Bc2 {[#]} (32. f3 $1 $11) 32... Kd7 (32... f5 $1 $17 {[%mdl 512]} 33. Ne2 (33. exf5 Bg2+) 33... Rh1+ 34. Ng1 Kd7) 33. b4 (33. Rg3 $11) 33... Kd6 34. Rc5 {[#]} (34. Ra3 $17) 34... e5 $2 {[#]} (34... f5 $1 $19 {[%mdl 512]} 35. f3 (35. exf5 Bg2+) 35... e5) 35. Rxe5 $1 $11 {[%mdl 512]} Bc8 (35... Kxe5 36. Nf3+) 36. Rg5 f6 37. Rg3 (37. Nf3 $11) 37... Rh1 $17 {Droht stark ...Lh3+.} 38. e5+ fxe5 ({Besser ist} 38... Kxe5 $17 {...Lh3+ ist eine echte Drohung.} 39. Re3+ Kd4 40. Re4+ Kc3 41. Rxf4 Kxc2) 39. Be4 $11 Rh6 40. Ke1 Be6 41. Ra3 Bc8 42. Rc3 Bd7 43. Ne2 Nxe2 44. Kxe2 {[%mdl 4096] Endspiel KTL-KTL} Rh4 45. Ke3 Rh3+ 46. f3 Rh2 47. a3 Ra2 48. Bb7 Be6 49. Rc6+ Kd7 {Droht ...Ld5 und aus.} 50. Rxa6 Bc4 {[%csl Gc4][%cal Ra2e2]} 51. Ke4 Kc7 52. Ba8 Re2+ 53. Kf5 {Und Le4 würde nun gewinnen.} Re3 54. Kg4 Be2 55. Kg3 Rc3 56. Kf2 Bd1 57. Bd5 Ba4 58. Re6 Rxa3 59. Rxe5 Kd6 (59... Rd3 $1 $11 {bleibt in der Remisbreite.}) 60. f4 $16 Rc3 61. Ke2 ({Günstiger ist} 61. Bg8 $16) 61... Rc2+ $1 $11 {Die Stellung ist ausgeglichen.} 62. Kd3 Rb2 63. Kc3 Rc2+ 64. Kd3 Rb2 {Precision: Weiß = 43%, Schwarz = 50%.} 1/2-1/2

[Event "Varennes Open-ch 2017"]
[Site "Varennes"]
[Date "2017.10.08"]
[Round "4"]
[White "Ortiz Suarez, Isan Reynaldo"]
[Black "Thavandiran, Shiyam"]
[Result "1/2-1/2"]
[WhiteElo "2528"]
[BlackElo "2385"]
[Annotator "TA"]
[PlyCount "81"]
[EventDate "2017.10.06"]
[EventCountry "CAN"]
[SourceTitle "playchess.com"]
[Source "ChessBase"]
[SourceQuality "1"]

{[%evp 9,81,43,46,43,49,46,46,44,45,0,0,-25,0,0,-11,-14,0,-46,-30,-30,-19,-21,-29,-39,-41,-30,-19,-54,-43,-58,-52,-54,-43,-41,-17,-25,-15,-31,0,0,0,0,0,0,17,0,86,80,101,39,39,58,49,0,23,0,0,0,0,0,0,0,0,0,0,0,0,0,0,0,0,-24,-27,-21]} 1. Nf3 Nf6 2. c4 e6 3. g3 c5 4. Bg2 a6 5. Nc3 Qc7 6. O-O {A30: Symmetrical English: Double Fianchetto and Hedgehog} d6 7. d4 cxd4 8. Nxd4 {White is slightly better.} Be7 9. Nb3 $146 ({Predecessor:} 9. e4 O-O 10. Be3 Nc6 11. Rc1 Ne5 12. b3 Bd7 13. h3 Rad8 14. f4 Ng6 15. Qe2 h6 16. Qf2 Rb8 17. a4 Rfe8 18. Nde2 b6 19. g4 {1-0 (34) Zhao,X (2506)-Mkrtchian,L (2434) Huaian 2016}) 9... Qxc4 10. Be3 {next Rc1 is good for White.} Qc7 11. Rc1 Nc6 12. Na4 d5 13. Nd4 O-O 14. Nb6 Rb8 15. Qa4 $1 {[%cal Rd4c6]} Bd7 16. Nxd7 Qxd7 17. Nxc6 bxc6 18. Rxc6 Rxb2 19. Rfc1 Ra8 20. Bd4 Rb4 21. Qd1 Rb7 22. e3 a5 23. a4 Ba3 24. R1c2 Rab8 25. Bf1 Rb1 26. Qd3 Bf8 27. Qa6 h6 {[#]} (27... Re1 $11 {keeps the balance.} 28. Rc8 Reb1) 28. Kg2 $1 $16 Qb7 29. Bb5 (29. Qxa5 $16 Ne8 30. Bd3) 29... Qxa6 $14 30. Rxa6 Bb4 31. Rac6 {[%mdl 1024] White has compensation.} Rb3 32. Rc7 Ne4 33. h4 Bd6 34. Ra7 Bb4 35. Be5 Rf8 36. Bd7 {Black must now prevent Bxe6!} Nc5 {[#] And now ...Nd3 would win.} 37. Bb5 Nd3 38. Bxd3 $1 Rxd3 39. Ra2 Rc8 40. Bc7 Bc5 41. Rb7 {Precision: White = 61%, Black = 59%.} 1/2-1/2

[Event "Varennes Open-ch 2017"]
[Site "Varennes"]
[Date "2017.10.08"]
[Round "4"]
[White "Hambleton, Aman"]
[Black "Sai Krishna G V"]
[Result "1-0"]
[WhiteElo "2479"]
[BlackElo "2369"]
[Annotator "TA"]
[PlyCount "95"]
[EventDate "2017.10.06"]
[EventCountry "CAN"]
[SourceTitle "playchess.com"]
[Source "ChessBase"]
[SourceQuality "1"]

{[%evp 9,95,19,16,25,24,18,30,18,39,34,36,38,69,72,61,61,77,77,111,115,155,149,168,165,156,85,96,96,99,107,106,102,125,116,104,117,129,117,160,169,151,131,210,46,44,0,0,0,0,6,37,37,126,114,125,118,123,122,145,156,188,189,188,188,187,183,239,254,381,400,664,663,650,641,641,617,29987,29988,29988,756,756,756,756,645,29980,29980,29980,29981]} 1. d4 Nf6 2. Bf4 g6 3. Nc3 d5 4. e3 Nh5 $146 ({Predecessor:} 4... Bg7 5. h4 c6 6. Nf3 Bg4 7. Be2 Nbd7 8. Ne5 Bxe2 9. Qxe2 h5 10. O-O-O Qa5 11. Kb1 {1-0 (44) Karjakin,S (2781)-Giri,A (2771) Stavanger 2017}) 5. Bg5 h6 6. Bh4 {A45: Trompowsky Attack} Bg7 7. Be2 Nf6 8. Nf3 {White has an edge.} Nbd7 9. Ne5 c6 10. f4 Ne4 11. Nxe4 dxe4 12. Bc4 $36 {[%mdl 2048] White has good play.} Nxe5 13. fxe5 g5 14. O-O e6 15. Qh5 {[%csl Gf1][%cal Rh5f7]} O-O 16. Bg3 b5 17. Bb3 ({White should play} 17. Be2) 17... c5 18. c3 b4 19. Qg4 Ba6 20. Qxe4 Bxf1 21. Rxf1 bxc3 22. bxc3 Rc8 23. c4 f5 24. exf6 $1 Rxf6 25. Rd1 {Threatens to win with Bc2.} Qe8 (25... Qe7 $16 {might work better.} 26. d5 Qe8) 26. h3 $2 ({White has to play} 26. Bc2 $18 Rd8 27. Bc7 (27. Qh7+ Kf8 $18)) 26... Qg6 $1 $14 {[%cal Rg6e4]} 27. Qb7 Rff8 28. dxc5 g4 29. hxg4 {Strongly threatening Bd6.} Qxg4 30. Bd6 Qe2 {[#]} (30... Rcd8 $14) 31. Qe4 $1 $16 ({Don't play} 31. Bxf8 $6 Qxe3+ 32. Kh1 Rxf8 $11) 31... Qf2+ 32. Kh1 Qf5 33. Bc2 Qxe4 34. Bxe4 Rfd8 35. c6 Bc3 {And now ...Bb4! would win.} 36. c5 Bb4 {Hoping for ...Bxc5!} 37. Rd4 a5 (37... Ba5 $142 38. Kh2 Bc7) 38. Bf3 $18 Kf7 (38... Bc3 $142 39. c7 Rd7) 39. Rf4+ Kg7 (39... Kg8 $142 40. Rf6 Rxd6 41. cxd6 Bxd6 42. Rxe6 Bc7) 40. Be5+ Kg8 41. Rf6 Bxc5 42. Rxh6 {White wants to mate with Bh5.} Bxe3 43. Rh8+ Kf7 44. Rxd8 (44. Bh5+ $142 Ke7 45. Rh7+ Kf8 46. Bf6 Rd1+ 47. Bxd1 Bd4 48. Rh8+ Kf7 49. Rxc8 Bxf6 50. c7) 44... Rxd8 45. c7 Rc8 46. Bb7 Bd4 47. Bxc8 Bxe5 {[#]} 48. Bxe6+ $1 {[%mdl 512] Precision: White = 78%, Black = 42%.} 1-0

[Event "Varennes Open-ch 2017"]
[Site "Varennes"]
[Date "2017.10.08"]
[Round "4"]
[White "Ruiz Sanchez, Orlen"]
[Black "Luksza, Arkadiusz"]
[Result "1/2-1/2"]
[WhiteElo "2409"]
[BlackElo "2081"]
[Annotator "TA"]
[PlyCount "96"]
[EventDate "2017.10.06"]
[EventCountry "CAN"]
[SourceTitle "playchess.com"]
[Source "ChessBase"]
[SourceQuality "1"]

{[%evp 17,96,0,0,0,22,23,13,15,41,21,22,22,42,22,67,57,57,57,55,50,72,58,60,60,66,49,57,35,52,38,36,15,16,0,0,0,18,0,0,0,-7,-8,-6,-13,-14,-36,6,12,25,0,0,0,0,0,0,0,0,0,0,0,0,3,3,3,3,0,0,0,0,4,4,4,4,4,8,0,0,0,0,0,29999]} 1. e4 e6 2. d4 d5 3. Nc3 Nf6 4. e5 Nfd7 5. f4 c5 6. Nf3 Nc6 7. Be3 a6 8. Qd2 b5 9. g3 Bb7 {LiveBook: 4 Games. C11: French: Classical System: 4 e5 and 4 Bg5 dxe4} (9... b4 10. Ne2 a5 11. f5 cxd4 12. Nexd4 Nxd4 13. Nxd4 Nxe5 14. O-O-O Bd7 15. Bf4 Nc4 16. Qe2 Qf6 17. Bg2 Be7 18. Rhe1 {1-0 (26) Inarkiev,E (2684)-Vitiugov,N (2617) Dagomys 2008}) 10. Bh3 cxd4 11. Nxd4 Nxd4 {White has an edge.} 12. Bxd4 Bc5 13. Ne2 Bxd4 $146 ({Predecessor:} 13... O-O 14. O-O-O Be7 15. Kb1 Nc5 16. Qe3 Ne4 17. Bg2 {0-1 (55) Plump,D (2255)-Holzke,F (2400) Berlin 1997}) 14. Nxd4 Qb6 15. O-O-O g6 16. Rhe1 Nc5 17. Kb1 O-O-O 18. Qe3 Qc7 19. Bg2 Kb8 20. Rd2 Rc8 21. Bf3 Rhd8 22. g4 Ne4 23. Bxe4 dxe4 24. g5 Rh8 25. Ne2 h6 26. gxh6 Rxh6 27. Ng3 Rh3 28. Qd4 Rh4 29. Qf2 Qc5 30. Qxc5 Rxc5 31. Nxe4 (31. Rf2 {feels hotter.} Rc4 32. Re3 b4 33. Kc1 Kc7 34. b3) 31... Bxe4 32. Rxe4 $11 {[%mdl 4096] Endgame KRR-KRR} g5 33. b4 Rd5 {The position is equal.} 34. Rf2 Kc7 35. Kb2 Kd7 36. c4 bxc4 37. Rxc4 Rxe5 38. fxe5 Rxc4 39. Rxf7+ {KR-KR} Kc6 $1 40. Kb3 Re4 41. a4 {And now a5 would win.} Rxe5 42. a5 {[#] Threatens to win with Ra7.} Re3+ 43. Ka4 {aiming for Ra7.} Re1 $1 44. Ra7 Ra1+ 45. Kb3 Rb1+ 46. Ka3 Kb5 47. Rb7+ Kc4 48. Rc7+ Kb5 $2 {[%mdl 40960] Precision: White = 37%, Black = 66%. . An unexpected result.} (48... Kd4 $11) 1/2-1/2